000 00610cam a2200205 4500500
005 20260329004707.0
041 _afre
042 _adc
100 1 0 _aLarmagnac-Matheron, Octave
_eauthor
245 0 0 _a“Créolisation”
260 _c2020.
500 _a59
690 _aCréolisation
690 _aEdouard Glissant
690 _aIdentité
690 _aJean-Luc Mélenchon
690 _aMétissage
786 0 _nPhilosophie magazine | 144 | 11 | 2020-11-01 | p. 6-6 | 1951-1787
856 4 1 _uhttps://shs.cairn.info/magazine-philosophie-magazine-2020-11-page-6?lang=fr&redirect-ssocas=7080
999 _c1836345
_d1836345